Closest Genetic Populations to the Icelanders - Statistics

General Stats
  • This quiz has been taken 16 times
  • The average score is 9 of 12
Answer Stats
Genetic Distance Ethnicity % Correct
1.420 Swedish
100%
0770 Danish
94%
2.262 German
88%
1.349 Irish
88%
0770 Norwegian
88%
1.836 Dutch
81%
1.941 English
75%
1.591 Scottish
69%
1.747 Welsh
69%
3.237 Austrian
56%
1.701 Breton
50%
3.209 Czech
38%
No matching quizzes found
Score Distribution
Percent of People with Each Score
Percentile by Number Answered
Your Score History
You have not taken this quiz